000 00485nam a2200181Ia 4500
005 20250508151011.0
008 008 250505s9999 xx 000 0 eng d
037 _aTextual
040 _aFEDL
_beng
_cFEDL
041 _aeng
_2eng
084 _a745.5, ABB
_qFEDL
100 _aAbbott Mary
_9289493
245 0 _aDecorating craftwork
260 _aLondon, UK
_bW And G Foyle Limited
_c1951
300 _a79p.
942 _cTEXL
_h745.5, ABB
999 _c1326959
_d1326959